|
|
|
|
| LEADER |
00000nam0a2200000 4500 |
| 001 |
103960 |
| 005 |
20231031113819.0 |
| 035 |
|
|
|a (RuTPU)RU\TPU\book\112070
|
| 090 |
|
|
|a 103960
|
| 100 |
|
|
|a 20061024d2005 m y0rusy50 ca
|
| 101 |
0 |
|
|a rus
|
| 102 |
|
|
|a RU
|
| 105 |
|
|
|a y j 001zy
|
| 200 |
1 |
|
|a Основные правила оформления списка литературы, ссылок и сносок в научных работах
|e методические рекомендации
|f Томский политехнический университет; сост. Н. И. Кубракова, О. М. Васильева; под ред. В. А. Клименова
|
| 210 |
|
|
|a Томск
|c Изд-во ТПУ
|d 2005
|
| 215 |
|
|
|a 66 с.
|
| 318 |
|
|
|5 63413507
|a Пишем реферат, курсовую, диплом, выпускную квалификационную работу
|b выставка
|
| 320 |
|
|
|a Библиогр.: с. 22-23
|
| 330 |
|
|
|a Работа выполнена в рамках проекта "Развитие технологии маркетинга и обмена информацией в области научных исследований и технологических разработок на базе компьютерных технологий". В предлагаемом издании рассмотрены основные изменения библиографического описания по сравнению с ранее действовавшим стандартом без подробного изложения правил составления описания. Цель пособия - помочь магистрантам, аспирантам, преподавателям и научным сотрудникам в оформлении списка литературы к диссертационным работам, монографиям, вузовским изданиям и статьям, подготовленным к публикации. Пособие может быть использовано в учебном процессе для оформления библиографической части курсовых проектов и выпускных квалификационных работ.
|
| 610 |
1 |
|
|a образование
|
| 610 |
1 |
|
|a высшее образование
|
| 610 |
1 |
|
|a научные работы
|
| 610 |
1 |
|
|a ссылки
|
| 610 |
1 |
|
|a сноски
|
| 610 |
1 |
|
|a списки литературы
|
| 610 |
1 |
|
|a библиографические ссылки
|
| 610 |
1 |
|
|a библиографические указатели
|
| 610 |
1 |
|
|a оформление
|
| 610 |
1 |
|
|a правила
|
| 610 |
1 |
|
|a методические рекомендации
|
| 610 |
1 |
|
|a библиографическое описание
|
| 686 |
|
|
|a Ч215.7я7
|v LBC/SL-A
|2 rubbk
|
| 702 |
|
1 |
|a Кубракова
|b Н. И.
|c российский библиограф
|c ведущий библиограф НТБ Томского политехнического университета
|f 1951-
|g Наталья Ивановна
|2 stltpush
|3 (RuTPU)RU\TPU\pers\23464
|4 220
|
| 702 |
|
1 |
|a Васильева
|b О. М.
|4 220
|
| 702 |
|
1 |
|a Клименов
|b В. А.
|4 340
|
| 712 |
0 |
2 |
|a Томский политехнический университет
|z 1991-
|2 stltpush
|3 (RuTPU)RU\TPU\col\376
|
| 801 |
|
1 |
|a RU
|b 63413507
|c 20061024
|g PSBO
|
| 801 |
|
2 |
|a RU
|b 63413507
|c 20161103
|g PSBO
|
| 942 |
|
|
|c BK
|